| 000 | 00000nam##2200000za#4500 |
| 001 | 9.565936 |
| 003 | CaOODSP |
| 005 | 20210624180040 |
| 007 | cr ||||||||||| |
| 008 | 150406|1999||||xxc|||||o f|0| 0 eng|d |
| 040 | |aCaOODSP|beng |
| 043 | |an-cn--- |
| 086 | 1 |aTU3-7/99-2E-PDF |
| 110 | 2 |aTransportation Safety Board of Canada. |
| 245 | 10|aNear-capsizing - the small fishing vessel “Westisle” off Cape Beale, British Columbia, 1 March 1999 |h[electronic resource] |
| 260 | |bTransportation Safety Board of Canada |c[2000]. |
| 300 | |a13p.|billus., references, table, photographs |
| 490 | 1 |aMarine investigation report |vM99W0033 |
| 590 | |a10-05-Supp|b2010-07-20 |
| 690 | 07|aMarine accidents|2gcpds |
| 775 | 08|tQuasi-chavirement du petit bateau de pêche «Westisle» au large du cap Beale (Colombie-Britannique), le 1er mars 1999 |w(CaOODSP)9.597426 |
| 830 | #0|aMarine investigation report ;|vM99W0033|w(CaOODSP)9.504867 |
| 856 | 40|ahttp://publications.gc.ca|qPDF|s526 KB|uhttps://publications.gc.ca/collections/collection_2009/bst-tsb/TU3-7-99-2E.pdf|yM99W0033 |